000 00676cam a2200217 4500
001 8045
005 20181127184944.0
008 730103s1972 nyu b 000 0 eng
010 _a 72075621
020 _a0061360864
082 0 0 _a808.8/015
100 1 _aBoon, James A.
245 1 0 _aFrom symbolism to structuralism, Levi-Strauss in a literary tradition
_c[by] James A. Boon.
260 _aNew York,
_bHarper & Row
_c[1972]
300 _axii, 250 p.
_c23 cm.
490 0 _aExplorations in interpretative sociology
504 _aBibliography: p. [232]-245.
600 1 0 _aLevi-Strauss, Claude.
650 0 _aSymbolism in literature.
999 _c6925
_d6925